000 01190cam a2200253 4500
001 WB3809-02
008 020305n2002 000 0 eng u
035 _a(Sirsi) u117011
245 _aSpring in the air for manufacturers
260 _c2002
490 _aDaily Telegraph
_v 2 March 2002, 31;
490 _aGuardian
_v 2 March, 24(2)
520 _aThe first signs of growth in more than a year were seen in Britain's manufacturing sector in February, according to the Chartered Institute of Purchasing & Supply (CIPS) The institute's monthly report "UK purchasing managers' index" jumped from 46.4 in January to 50.1 last month, rising above the no change mark of 50.0 for the first time since February 2001, and recording the second largest increase in the survey's 10-year history. The CIPS monthly reports can be viewed on the CIPS web site ttp://www.cips.org/news/reports.asp
590 _aWB
650 _aMANUFACTURING SECTOR
650 _aCHARTERED INSTITUTE OF PURCHASING & SUPPLY
650 _aMANUFACTURERS
650 _aCONSUMER SPENDING
650 _aBANK OF ENGLAND
650 _aRECOVERY
650 _aINDICES
690 _aBUILT ENVIRONMENT
942 _n0
999 _c69701
_d69701